000 00437nam a2200133Ia 4500
005 20260328104338.0
008 260328s9999||||xx |||||||||||||| ||und||
100 _aEibl-Eibesfeldt, Irenäus
245 0 _aStadt und Lebensqualität. Neue Konzepte im Wohnbau auf dem Prüfstand der Humanethnologie und der Bewohnerurteile. /
_cIrenäus Eibl-Eibesfeldt
260 _bDVA Stuttgart,
300 _a178 p.
650 _aALEMANIA
942 _cBK
999 _c11995
_d11995